Delayed action peroxide vulcanization of EPDM (Record no. 56785)

MARC details
000 -LEADER
fixed length control field 00347nam a2200145Ia 4500
100 ## - MAIN ENTRY--AUTHOR NAME
Personal name George Benny
245 #0 - TITLE STATEMENT
Title Delayed action peroxide vulcanization of EPDM
260 ## - PUBLICATION, DISTRIBUTION, ETC. (IMPRINT)
Name of publisher Rubber India
Year of publication 2012
300 ## - PHYSICAL DESCRIPTION
Number of Pages 66-68
650 ## - SUBJECT ADDED ENTRY--TOPICAL TERM
Topical Term EPDM
650 ## - SUBJECT ADDED ENTRY--TOPICAL TERM
Topical Term TEMPO
700 ## - ADDED ENTRY--PERSONAL NAME
Personal name Alex Rosamma
942 ## - ADDED ENTRY ELEMENTS (KOHA)
Koha item type Journals
Holdings
Withdrawn status Lost status Damaged status Not for loan Home library Current library Shelving location Date acquired Serial Enumeration / chronology Koha item type
      Journals RRII Library RRII Library Rubber technology 20/07/2012 Volume LXIV, Issue 7 Journals